[Event "12th Arad Open 2019"]
[Site "Arad ROU"]
[Date "2019.07.24"]
[Round "1.36"]
[White "Bradateanu, Corneliu"]
[Black "Gilea, Lucian"]
[Result "0-1"]
[WhiteElo "1763"]
[BlackElo "2287"]
[PlyCount "134"]
[EventDate "2019.07.24"]

1. Nf3 d5 2. d4 Nf6 3. g3 c5 4. c3 Nc6 5. Bg2 Bf5 6. Qb3 Qc8 7. Bf4 e6 8. Nbd2
h6 9. O-O Be7 10. Be5 c4 11. Qa4 O-O 12. Bxf6 Bxf6 13. Rfe1 b5 14. Qd1 Rd8 15.
e4 dxe4 16. Nxe4 Be7 17. Qe2 Rb8 18. a4 b4 19. a5 Rb5 20. Qxc4 Nxd4 21. Qf1
Nxf3+ 22. Bxf3 Rb8 23. c4 b3 24. Rac1 Bb4 25. Red1 Qc7 26. a6 Bc5 27. Rxd8+
Rxd8 28. Rd1 Bd4 29. Qe2 e5 30. Kg2 Be6 31. Rc1 f5 32. Nc3 e4 33. Bh5 Bxc4 34.
Qe1 Bxa6 35. Nb5 Qe5 36. Nxd4 Rxd4 37. Qc3 Qd5 38. Ra1 Rd3 39. Qc7 f4 40. Qb8+
Kh7 41. Qe8 f3+ 42. Kh3 Bc8+ 43. g4 Qe6 44. Rxa7 Qxe8 45. Bxe8 e3 46. fxe3 Rxe3
47. Bb5 h5 48. Kg3 Bxg4 49. h3 f2+ 50. Kxf2 Rxh3 51. Bf1 Rh2+ 52. Kg3 Rxb2 53.
Bd3+ Kg8 54. Bg6 Ra2 55. Bf7+ Kh7 56. Rxa2 bxa2 57. Bxa2 g5 58. Bf7 Kh6 59. Bd5
Bf5 60. Bc4 h4+ 61. Kf3 Kg6 62. Bb5 Kf6 63. Be8 Ke5 64. Bh5 Bd7 65. Ke3 g4 66.
Bg6 Bc6 67. Bh5 h3 0-1

[Event "12th Arad Open 2019"]
[Site "Arad ROU"]
[Date "2019.07.25"]
[Round "2.33"]
[White "Gilea, Lucian"]
[Black "Martin Perez, Javier"]
[Result "1-0"]
[WhiteElo "2287"]
[BlackElo "1961"]
[PlyCount "85"]
[EventDate "2019.07.24"]

1. d4 d5 2. c4 c6 3. Nf3 Nf6 4. g3 e6 5. Bg2 Nbd7 6. O-O Be7 7. Qc2 O-O 8. Nbd2
b6 9. Rd1 Bb7 10. b3 Rc8 11. Bb2 Qc7 12. Rac1 Qb8 13. e4 Qa8 14. c5 bxc5 15. e5
Ne8 16. Ba3 Nc7 17. Bf1 Nb5 18. Bxc5 Nxc5 19. dxc5 Ba6 20. Nb1 Qb8 21. Bh3 Rcd8
22. a4 Nc7 23. Nd4 Bb7 24. Bf1 f6 25. exf6 Bxf6 26. f4 e5 27. fxe5 Bxe5 28. b4
Qc8 29. Qd2 Ne6 30. Nxe6 Qxe6 31. Nc3 Qf6 32. Bg2 Ba6 33. b5 Bxc3 34. Qxc3 cxb5
35. Qxf6 Rxf6 36. c6 Rc8 37. c7 bxa4 38. Bh3 Re8 39. c8=Q Bxc8 40. Bxc8 a3 41.
Bb7 Rb6 42. Bxd5+ Kf8 43. Rc7 1-0

[Event "12th Arad Open 2019"]
[Site "Arad ROU"]
[Date "2019.07.25"]
[Round "3.3"]
[White "Svetushkin, Dmitry"]
[Black "Gilea, Lucian"]
[Result "1/2-1/2"]
[WhiteElo "2528"]
[BlackElo "2287"]
[PlyCount "138"]
[EventDate "2019.07.24"]

1. e4 e5 2. Nf3 Nf6 3. Nxe5 d6 4. Nf3 Nxe4 5. d4 d5 6. Bd3 Be7 7. O-O O-O 8.
Re1 Bf5 9. Nc3 Nxc3 10. bxc3 Bxd3 11. cxd3 c6 12. Qb3 b5 13. a4 a6 14. axb5
cxb5 15. Re5 Nd7 16. Rxd5 Qc7 17. Bf4 Qb7 18. Bg5 Bxg5 19. Nxg5 Nf6 20. Re5 Qc7
21. h3 h6 22. Nf3 Rfd8 23. c4 bxc4 24. dxc4 Rxd4 25. c5 Rad8 26. Qc2 Rd2 27.
Nxd2 Qxe5 28. Nb3 Nd5 29. Qd2 Rc8 30. g3 Nf6 31. Rc1 Qe6 32. Qd3 Qxh3 33. Qxa6
h5 34. c6 h4 35. Qf1 Qe6 36. Nd4 Qe4 37. Rd1 Qg4 38. Rd3 Ne4 39. Qd1 Qxd1+ 40.
Rxd1 hxg3 41. f3 Ng5 42. Kg2 Ne6 43. Nf5 Kf8 44. Rh1 Nf4+ 45. Kxg3 Ng6 46. Rc1
Ne7 47. Nd4 Rd8 48. Rc4 Nc8 49. Nb5 Rd5 50. Nc3 Rd6 51. Kf4 Ke7 52. Ke4 Ke6 53.
Nb5 Rd1 54. Rc5 Re1+ 55. Kd3 g6 56. Rc2 Kd5 57. c7 f5 58. Nc3+ Kd6 59. Ne2 Kd7
60. Nd4 f4 61. Rc5 Kd6 62. Rc6+ Kd5 63. Rxg6 Re3+ 64. Kd2 Kxd4 65. Rg8 Nb6 66.
Rd8+ Kc5 67. c8=Q+ Nxc8 68. Rxc8+ Kd4 69. Rd8+ Ke5 1/2-1/2

[Event "Romanian Teams Championship 2018 - 2nd "]
[Site "Gilau"]
[Date "2018.10.07"]
[Round "1.3"]
[White "Gilea, Lucian"]
[Black "Doncea, Vladimir"]
[Result "1/2-1/2"]
[WhiteElo "2288"]
[BlackElo "2370"]
[PlyCount "53"]
[EventDate "2018.10.07"]
[EventType "team"]
[EventRounds "9"]
[WhiteTeam "CS Smart Gala?i"]
[BlackTeam "Prologos - ?ah Club Oltenia"]

1. d4 d5 2. Nf3 Nf6 3. Bf4 Nh5 4. Bd2 c6 5. c4 g6 6. Nc3 Bg7 7. cxd5 cxd5 8.
Qb3 Nc6 9. Qxd5 Nxd4 10. Qxd8+ Kxd8 11. Nxd4 Bxd4 12. O-O-O Bd7 13. g4 Nf6 14.
e3 Bb6 15. f3 Rc8 16. Kb1 Bc6 17. e4 Ke8 18. b4 a6 19. Bf4 Bc7 20. Bxc7 Rxc7
21. b5 axb5 22. Nxb5 Rd7 23. Rxd7 Kxd7 24. Nd4 Nxe4 25. Nxc6 Nd2+ 26. Kb2 Nxf1
27. Ne5+ 1/2-1/2

[Event "Romanian Teams Championship 2018 - 2nd "]
[Site "Gilau"]
[Date "2018.10.10"]
[Round "4.3"]
[White "Gilea, Lucian"]
[Black "Talu, Mircea"]
[Result "1-0"]
[WhiteElo "2288"]
[BlackElo "2159"]
[PlyCount "107"]
[EventDate "2018.10.07"]
[EventType "team"]
[EventRounds "9"]
[WhiteTeam "CS Smart Gala?i"]
[BlackTeam "CSM Cluj-Napoca"]

1. d4 Nf6 2. Nf3 e6 3. Bf4 c5 4. e3 cxd4 5. exd4 b6 6. a3 Be7 7. Nc3 Bb7 8. Bd3
O-O 9. O-O d5 10. Ne5 Nc6 11. Nxc6 Bxc6 12. Re1 h6 13. Qd2 Re8 14. Nb5 Ne4 15.
Qe2 Nd6 16. a4 Bxb5 17. axb5 Qd7 18. Qg4 Bf6 19. c3 Kf8 20. Be5 Bxe5 21. dxe5
Ne4 22. Bxe4 dxe4 23. Qxe4 Kg8 24. c4 Red8 25. g3 Qd4 26. Qxd4 Rxd4 27. b3 Rd3
28. Reb1 g5 29. Kf1 g4 30. Ra3 Kg7 31. Ke2 Rf3 32. Rd1 Rf5 33. Rd7 Rxe5+ 34.
Kf1 Rf5 35. Raxa7 Rxa7 36. Rxa7 Rf3 37. Rb7 Rxb3 38. Rxb6 Kf6 39. Rb7 Rc3 40.
Rc7 Ke5 41. b6 f5 42. b7 Rb3 43. Rc5+ Kd6 44. Rb5 Rxb5 45. cxb5 Kc7 46. Ke2
Kxb7 47. Kd3 Kb6 48. Kd4 Kxb5 49. Ke5 Kc5 50. Kxe6 Kd4 51. Kxf5 h5 52. Kg5 Ke4
53. Kxh5 Kf5 54. Kh4 1-0

[Event "Romanian Teams Championship 2018 - 2nd "]
[Site "Gilau"]
[Date "2018.10.11"]
[Round "5.2"]
[White "Gilea, Lucian"]
[Black "Nedelea, Ariton-Vasile"]
[Result "1/2-1/2"]
[WhiteElo "2288"]
[BlackElo "2172"]
[PlyCount "39"]
[EventDate "2018.10.07"]
[EventType "team"]
[EventRounds "9"]
[WhiteTeam "CS Smart Gala?i"]

1. d4 d5 2. c4 e6 3. Nc3 Nf6 4. Bg5 c6 5. e3 Be7 6. Bd3 Nbd7 7. Nf3 h6 8. Bh4
dxc4 9. Bxc4 b5 10. Bd3 a6 11. O-O Bb7 12. Rc1 O-O 13. Bxf6 Bxf6 14. Ne4 Be7
15. Bb1 f5 16. Ned2 c5 17. a4 Bd5 18. axb5 axb5 19. dxc5 Nxc5 20. Nd4 1/2-1/2

[Event "Romanian Teams Championship 2018 - 2nd "]
[Site "Gilau"]
[Date "2018.10.12"]
[Round "6.3"]
[White "Gilea, Lucian"]
[Black "Tunaru, Alexandru A"]
[Result "1/2-1/2"]
[WhiteElo "2288"]
[BlackElo "2087"]
[PlyCount "36"]
[EventDate "2018.10.07"]
[EventType "team"]
[EventRounds "9"]
[WhiteTeam "CS Smart Gala?i"]
[BlackTeam "CS Muncitorul Re?i?a"]

1. d4 Nf6 2. Nf3 g6 3. Bf4 Nh5 4. Bd2 Bg7 5. e4 d6 6. Bc4 O-O 7. h3 Nc6 8. Bc3
Nf4 9. Bf1 d5 10. e5 f6 11. g3 Ne6 12. exf6 exf6 13. Bg2 Ng5 14. Nxg5 Re8+ 15.
Kf1 fxg5 16. Nd2 Nxd4 17. Nb3 Nxb3 18. Bxd5+ Be6 1/2-1/2

[Event "Romanian Teams Championship 2018 - 2nd "]
[Site "Gilau"]
[Date "2018.10.13"]
[Round "7.3"]
[White "Torok, Francisc"]
[Black "Gilea, Lucian"]
[Result "0-1"]
[WhiteElo "2106"]
[BlackElo "2288"]
[PlyCount "57"]
[EventDate "2018.10.07"]
[EventType "team"]
[EventRounds "9"]
[WhiteTeam "CS Ineu"]
[BlackTeam "CS Smart Gala?i"]

1. d4 d5 2. Nf3 Nf6 3. Bf4 e6 4. Nbd2 c5 5. c3 Nc6 6. e3 Be7 7. h3 Qb6 8. Qb3
c4 9. Qxb6 axb6 10. a3 Nd7 11. Be2 f6 12. e4 b5 13. Rc1 Nb6 14. Bd1 Kf7 15. O-O
Re8 16. Bc2 Na4 17. Bxa4 bxa4 18. Rfe1 Ra5 19. e5 Bd7 20. Rc2 Bd8 21. Nf1 Rg8
22. Ne3 g5 23. Bh2 f5 24. Nd2 f4 25. Nd1 Be8 26. g3 Kf8 27. Kh1 Bg6 28. Rc1
fxg3 29. fxg3 0-1

[Event "TCh-ROU Superliga 2017"]
[Site "Baile Govora ROU"]
[Date "2017.11.11"]
[Round "1.1"]
[White "Vajda, Levente"]
[Black "Gilea, Lucian"]
[Result "0-1"]
[WhiteElo "2596"]
[BlackElo "2270"]
[PlyCount "78"]
[EventDate "2017.11.11"]
[EventType "team"]
[WhiteTeam "Clubul de Sah al Mun. Baia Mare"]
[BlackTeam "CSU Targoviste"]

1. Nf3 d5 2. d4 Nf6 3. e3 Bf5 4. c4 c6 5. Nc3 e6 6. Bd3 Bxd3 7. Qxd3 Nbd7 8.
O-O Bb4 9. Bd2 Bxc3 10. Bxc3 O-O 11. Nd2 Re8 12. e4 Nf8 13. cxd5 cxd5 14. e5
Nh5 15. g3 f5 16. Qe2 Qg5 17. f4 Qg6 18. Kh1 h6 19. Rg1 Qf7 20. Raf1 g6 21. Rf3
Ng7 22. Nf1 h5 23. Bb4 Rac8 24. Ra3 b6 25. Ne3 g5 26. h4 Ng6 27. hxg5 h4 28.
Kg2 Nh5 29. Kf3 Nxg3 30. Rxg3 hxg3 31. Be1 Nxe5+ 32. Kg2 Qh7 33. Bxg3 Ng4 34.
Qd1 Re7 35. Rd3 Qh5 36. Nxg4 fxg4 37. Re3 Rec7 38. Kf2 Rc2+ 39. Re2 Qh7 0-1

[Event "TCh-ROU Superliga 2017"]
[Site "Baile Govora ROU"]
[Date "2017.11.12"]
[Round "2.1"]
[White "Gilea, Lucian"]
[Black "Istratescu, Andrei"]
[Result "0-1"]
[WhiteElo "2270"]
[BlackElo "2580"]
[PlyCount "86"]
[EventDate "2017.11.11"]
[EventType "team"]
[WhiteTeam "CSU Targoviste"]
[BlackTeam "CSU Universitatea de Vest Timisoara"]

1. d4 Nf6 2. c4 g6 3. Nc3 Bg7 4. e4 d6 5. Nge2 O-O 6. Ng3 Nbd7 7. Be2 h5 8. Bg5
Nh7 9. Be3 e5 10. d5 h4 11. Nf1 f5 12. f3 Ndf6 13. exf5 gxf5 14. Qc2 Nh5 15.
O-O-O Nf4 16. g3 Nxe2+ 17. Qxe2 a6 18. f4 b5 19. Rg1 h3 20. fxe5 dxe5 21. c5
Nf6 22. Bg5 Qe8 23. Bxf6 Rxf6 24. d6 cxd6 25. Nd5 Rf7 26. Nb6 Rb8 27. Rxd6 Rc7
28. b4 Rc6 29. Nxc8 Rbxc8 30. Rxc6 Qxc6 31. g4 f4 32. Nd2 a5 33. Ne4 axb4 34.
Kb1 Qe6 35. Qxb5 Ra8 36. Qe2 b3 37. Rd1 bxa2+ 38. Ka1 Qb3 39. g5 f3 40. Qd2 f2
41. Qc1 Rf8 42. Nf6+ Rxf6 43. gxf6 Bxf6 0-1

[Event "TCh-ROU Superliga 2017"]
[Site "Baile Govora ROU"]
[Date "2017.11.14"]
[Round "4.1"]
[White "Gilea, Lucian"]
[Black "Mateuta, Gabriel"]
[Result "0-1"]
[WhiteElo "2270"]
[BlackElo "2497"]
[PlyCount "94"]
[EventDate "2017.11.11"]
[EventType "team"]
[WhiteTeam "CSU Targoviste"]
[BlackTeam "CS Stud. Medicina Timisoara"]

1. e4 c6 2. d4 d5 3. Nc3 dxe4 4. Nxe4 Bf5 5. Ng3 Bg6 6. h4 h6 7. Nf3 Nd7 8. h5
Bh7 9. Bd3 Bxd3 10. Qxd3 e6 11. Bf4 Qa5+ 12. Bd2 Bb4 13. Ne4 Ngf6 14. Nd6+ Ke7
15. Nc4 Bxd2+ 16. Nfxd2 Qa6 17. Qg3 c5 18. dxc5 Nxc5 19. b4 Ncd7 20. b5 Qxb5
21. Qd6+ Kd8 22. Qg3 Qg5 23. Qf3 Qd5 24. Qe2 Ke7 25. Ne3 Qe5 26. Rb1 Rhc8 27.
Rxb7 Qa1+ 28. Qd1 Qxa2 29. O-O Rab8 30. Qf3 Rxb7 31. Qxb7 Rb8 32. Qc7 Qa6 33.
Re1 Rc8 34. Qf4 Kf8 35. Qd4 Qa5 36. Ra1 Qc5 37. Qxc5+ Rxc5 38. Rxa7 Rxh5 39.
Nb3 Rb5 40. Nd4 Rb1+ 41. Kh2 g5 42. Nb3 Ne5 43. Nd2 Re1 44. Kg3 Re2 45. Nec4
Nh5+ 46. Kh2 Nxc4 47. Nxc4 Rxc2 0-1

[Event "TCh-ROU Superliga 2017"]
[Site "Baile Govora ROU"]
[Date "2017.11.16"]
[Round "6.1"]
[White "Gilea, Lucian"]
[Black "Cosma, Ioan"]
[Result "0-1"]
[WhiteElo "2270"]
[BlackElo "2400"]
[PlyCount "60"]
[EventDate "2017.11.11"]
[EventType "team"]
[WhiteTeam "CSU Targoviste"]
[BlackTeam "Librarie.Net. SC Oltenia Craiova"]

1. d4 Nf6 2. Nf3 e6 3. g3 d5 4. Bg2 c5 5. O-O Nc6 6. c4 dxc4 7. Qa4 Bd7 8. Qxc4
b5 9. Qd3 c4 10. Qd1 Rc8 11. Re1 Bb4 12. Nc3 O-O 13. e4 Re8 14. Nxb5 Bxe1 15.
Nxe1 e5 16. Bg5 Rb8 17. Bxf6 Qxf6 18. Nc7 Rxb2 19. Nf3 Nxd4 20. Nxe8 Bxe8 21.
Kh1 g6 22. Qc1 Rc2 23. Qb1 Rxf2 24. Nxd4 exd4 25. Qb8 Qe7 26. e5 Re2 27. Bd5 c3
28. e6 Kg7 29. Qf4 Qc5 30. Qf3 Rxe6 0-1

[Event "21st Cap Aurora Open 2017"]
[Site "Cap Aurora ROU"]
[Date "2017.06.26"]
[Round "4.11"]
[White "Gilea, Lucian"]
[Black "Danut, Radu"]
[Result "1/2-1/2"]
[WhiteElo "2261"]
[BlackElo "2069"]
[PlyCount "95"]
[EventDate "2017.06.24"]

1. d4 Nf6 2. c4 e6 3. Nc3 Bb4 4. e3 b6 5. Nge2 d5 6. a3 Be7 7. cxd5 exd5 8.
Qa4+ c6 9. Nf4 O-O 10. b4 b5 11. Qc2 a5 12. Rb1 axb4 13. axb4 Bd6 14. Bd3 Qe7
15. O-O Bxb4 16. f3 Rd8 17. Bd2 Bd6 18. e4 dxe4 19. fxe4 Bxf4 20. Bxf4 Rxd4 21.
Nxb5 Rxd3 22. Nc7 Rda3 23. Nxa8 Rxa8 24. Rxb8 Qa7+ 25. Qf2 Qxf2+ 26. Kxf2 Rxb8
27. Bxb8 Nxe4+ 28. Ke3 Nf6 29. Rd1 Bd7 30. Kd4 Be6 31. h3 Bd5 32. g4 h6 33. Be5
Nd7 34. Bd6 g5 35. Re1 Be6 36. Rc1 Bd5 37. Ra1 Kg7 38. Ra7 Be6 39. Ke3 h5 40.
h4 gxh4 41. g5 Kg6 42. Kf4 Nb6 43. Ra6 Nd5+ 44. Kf3 Nc3 45. Ke3 Bd5 46. Ra8 Kf5
47. Ra1 Ne4 48. Be7 1/2-1/2

[Event "21st Cap Aurora Open 2017"]
[Site "Cap Aurora ROU"]
[Date "2017.06.30"]
[Round "8.4"]
[White "Berescu, Alin Mile"]
[Black "Gilea, Lucian"]
[Result "1-0"]
[WhiteElo "2458"]
[BlackElo "2261"]
[PlyCount "95"]
[EventDate "2017.06.24"]

1. e4 c6 2. d4 d5 3. e5 c5 4. Nf3 cxd4 5. Nxd4 Nc6 6. f4 Nh6 7. Nc3 a6 8. Be2
Nf5 9. Nxf5 Bxf5 10. g4 Be4 11. Nxe4 dxe4 12. c3 e6 13. Be3 g5 14. fxg5 Qa5 15.
Qc2 Qxe5 16. O-O-O Be7 17. h4 Rc8 18. Kb1 O-O 19. Rhf1 Nb4 20. Qb3 Nd5 21. Bd4
Qh2 22. Qc2 e3 23. Rde1 Qg2 24. Qd3 Bc5 25. Bd1 Nb4 26. Qxe3 Qd5 27. Bb3 Bxd4
28. cxd4 Qg2 29. Qf3 Qxf3 30. Rxf3 Rfd8 31. Rd1 Nd5 32. a3 Rc7 33. Bc2 b5 34.
Be4 Nb6 35. Rc3 Rcd7 36. Rc6 Nc4 37. Rxa6 Ne3 38. Rd3 Nxg4 39. Bc6 Rxd4 40.
Rxd4 Rxd4 41. Bxb5 e5 42. Ra4 Rd1+ 43. Ka2 Nf2 44. Ra8+ Kg7 45. a4 e4 46. Re8
f5 47. gxf6+ Kxf6 48. Rf8+ 1-0

[Event "Finala Campionatului National Individua"]
[Site "Calimanesti"]
[Date "2017.03.28"]
[Round "4.8"]
[White "Gilea, Lucian"]
[Black "Ardelean, George Catalin"]
[Result "1/2-1/2"]
[WhiteElo "2255"]
[BlackElo "2493"]
[PlyCount "39"]
[EventDate "2017.03.25"]
[EventRounds "9"]

1. d4 d5 2. Nf3 e6 3. c4 c6 4. Nc3 dxc4 5. e3 b5 6. a4 Bb4 7. Ne5 Nf6 8. Bd2
Bb7 9. b3 a5 10. axb5 Bxc3 11. Bxc3 cxb5 12. bxc4 b4 13. Qa4+ Nfd7 14. Bd2 O-O
15. Qb5 Qc7 16. f4 f6 17. Nf3 e5 18. c5 exd4 19. Nxd4 Re8 20. Bc4+ 1/2-1/2

[Event "Finala Campionatului National Individua"]
[Site "Calimanesti"]
[Date "2017.03.29"]
[Round "5.12"]
[White "David, Alexandru-Vasile"]
[Black "Gilea, Lucian"]
[Result "1-0"]
[WhiteElo "2379"]
[BlackElo "2255"]
[PlyCount "105"]
[EventDate "2017.03.25"]
[EventRounds "9"]

1. d4 Nf6 2. c4 e6 3. Nc3 Bb4 4. e3 Ne4 5. Qc2 f5 6. Bd3 d5 7. Nge2 c5 8. O-O
O-O 9. cxd5 Bxc3 10. bxc3 cxd4 11. Nxd4 Qxd5 12. c4 Qa5 13. Nb3 Qc7 14. Bxe4
fxe4 15. Ba3 Rf6 16. Qxe4 Nc6 17. Nd4 Nxd4 18. Qxd4 e5 19. Qc3 e4 20. Rad1 Rg6
21. Bd6 Qc6 22. Bg3 Be6 23. Rd4 h5 24. Rd6 Qc5 25. Rfd1 Kh7 26. R1d4 Qf5 27. h4
Rc8 28. Rd8 Rxd8 29. Rxd8 Bg8 30. Qd4 b6 31. Ra8 a5 32. Ra6 Qc8 33. Rxb6 Qxc4
34. Qxc4 Bxc4 35. Rb2 a4 36. Rb4 Bxa2 37. Rxa4 Bb1 38. Ra5 Re6 39. Rxh5+ Kg6
40. Rc5 Bd3 41. Be5 Kf7 42. Rc7+ Kg6 43. Rxg7+ Kh6 44. Rg5 Rg6 45. Rf5 Be2 46.
Kh2 Rg4 47. Bf4+ Kh7 48. Rh5+ Kg7 49. Rg5+ Rxg5 50. Bxg5 Kg6 51. Kg3 Kf5 52. f3
Bb5 53. Kf2 1-0

[Event "Finala Campionatului National Individua"]
[Site "Calimanesti"]
[Date "2017.03.30"]
[Round "6.18"]
[White "Gilea, Lucian"]
[Black "Luca,  Ionel"]
[Result "1-0"]
[WhiteElo "2255"]
[BlackElo "2089"]
[PlyCount "85"]
[EventDate "2017.03.25"]
[EventRounds "9"]

1. d4 Nf6 2. c4 e6 3. g3 c5 4. d5 exd5 5. cxd5 b5 6. a4 Bb7 7. Bg2 c4 8. axb5
Qb6 9. Nc3 Bb4 10. e4 O-O 11. Nge2 a6 12. Be3 Qd8 13. O-O Re8 14. Qa4 a5 15.
Qa2 d6 16. Qxc4 Nbd7 17. Qa2 Rc8 18. f3 Nb6 19. Rfd1 Nc4 20. Bd4 Nd7 21. Bh3
Nce5 22. Kg2 Ng6 23. Rac1 Rc7 24. b6 Rc8 25. Nb5 Rxc1 26. Rxc1 Nc5 27. Bxc5
dxc5 28. Nc7 Rf8 29. Qc4 Qf6 30. Nc3 Ne5 31. Qe2 Qxb6 32. N3b5 c4 33. f4 Nd3
34. Rxc4 Nc5 35. Bg4 g6 36. Bf3 Rc8 37. d6 Ne6 38. Nxe6 fxe6 39. Bg4 Kf7 40.
Nc7 Bxd6 41. Bxe6+ Kg7 42. Bxc8 Bxc8 43. Ne8+ 1-0

[Event "10th Arad Open 2017"]
[Site "Arad ROU"]
[Date "2017.08.08"]
[Round "4.34"]
[White "Ambru, Dan Calin"]
[Black "Gilea, Lucian"]
[Result "0-1"]
[WhiteElo "2042"]
[BlackElo "2261"]
[PlyCount "96"]
[EventDate "2017.??.??"]

1. d4 d6 2. c4 e5 3. d5 Be7 4. e4 Bg5 5. Nc3 a5 6. Rb1 Bxc1 7. Qxc1 Nd7 8. Bd3
Ne7 9. b3 Nc5 10. Bc2 f5 11. Nge2 O-O 12. a3 Ng6 13. b4 axb4 14. axb4 Nxe4 15.
Nxe4 fxe4 16. Bxe4 Bf5 17. Bxf5 Rxf5 18. g3 Qf6 19. O-O Rf8 20. Qe1 e4 21. Nc3
Ne5 22. Qe3 Nxc4 23. Nxe4 Nxe3 24. Nxf6+ R8xf6 25. fxe3 Rxd5 26. Rxf6 gxf6 27.
Rb2 Kf7 28. Kg2 Rb5 29. Rc2 c5 30. bxc5 dxc5 31. Kf3 Ke6 32. Rc4 b6 33. Rh4 Rb3
34. Rxh7 c4 35. Rc7 b5 36. h4 Kd6 37. Rc8 c3 38. Ke4 b4 39. h5 Rb2 40. h6 Rh2
41. Kd3 Kd5 42. Rd8+ Kc5 43. Rc8+ Kb5 44. Rb8+ Ka4 45. Ra8+ Kb3 46. Ra1 Kb2 47.
Ra4 b3 48. Rc4 c2 0-1

[Event "10th Arad Open 2017"]
[Site "Arad ROU"]
[Date "2017.08.09"]
[Round "5.12"]
[White "Gilea, Lucian"]
[Black "Miron, Lucian Costin"]
[Result "1-0"]
[WhiteElo "2261"]
[BlackElo "2495"]
[PlyCount "79"]
[EventDate "2017.??.??"]

1. d4 Nf6 2. Nf3 e6 3. g3 c5 4. Bg2 d5 5. O-O cxd4 6. Nxd4 e5 7. Nb3 Nc6 8. Nc3
d4 9. Na4 Be6 10. Nbc5 Bd5 11. Nxb7 Qb8 12. Nbc5 Bxg2 13. Kxg2 Qb5 14. Qd3 a6
15. Bg5 Bxc5 16. Qxb5 axb5 17. Nxc5 Nd7 18. Nxd7 Kxd7 19. Bd2 Ra6 20. a3 Na5
21. Bxa5 Rxa5 22. e3 Rc8 23. exd4 Rxc2 24. b4 Ra7 25. dxe5 Ke6 26. Rfe1 Rb2 27.
Re4 g5 28. h4 Kf5 29. Rae1 Rxa3 30. e6 Raa2 31. Re5+ Kf6 32. e7 Rxf2+ 33. Kh3
h5 34. e8=N+ Kg6 35. Rxg5+ Kh6 36. Rh1 f5 37. Nd6 f4 38. Nf5+ Kh7 39. Rxh5+ Kg6
40. Kg4 1-0

[Event "10th Arad Open 2017"]
[Site "Arad ROU"]
[Date "2017.08.10"]
[Round "6.11"]
[White "Costachi, Mihnea"]
[Black "Gilea, Lucian"]
[Result "1-0"]
[WhiteElo "2423"]
[BlackElo "2261"]
[PlyCount "57"]
[EventDate "2017.??.??"]

1. d4 Nf6 2. c4 d6 3. Nf3 c6 4. Nc3 Bf5 5. Nh4 Bd7 6. g3 e5 7. Bg2 Be7 8. O-O
Na6 9. e4 Qc8 10. c5 O-O 11. Bg5 dxc5 12. dxe5 Nd5 13. exd5 Bxg5 14. Nf3 Bh6
15. d6 Re8 16. Re1 c4 17. Nd2 b5 18. f4 Nc5 19. Be4 Qa6 20. Bc2 Qb6 21. Kg2 Be6
22. f5 Bd5+ 23. Nxd5 cxd5 24. Nf3 Qb7 25. Qd4 Na4 26. e6 fxe6 27. fxe6 Qc6 28.
Qe5 d4 29. Be4 1-0

[Event "10th Arad Open 2017"]
[Site "Arad ROU"]
[Date "2017.08.11"]
[Round "7.31"]
[White "Gilea, Lucian"]
[Black "Albu, George"]
[Result "1-0"]
[WhiteElo "2261"]
[BlackElo "1960"]
[PlyCount "57"]
[EventDate "2017.??.??"]

1. d4 Nf6 2. Nf3 g6 3. Bf4 Bg7 4. e3 O-O 5. Be2 d6 6. h3 b6 7. c4 Nbd7 8. Nc3
Bb7 9. O-O Ne4 10. Rc1 Nxc3 11. Rxc3 e5 12. Bh2 exd4 13. exd4 Qf6 14. Qa4 Qd8
15. Bf4 Re8 16. Re3 Nf6 17. Re1 Rxe3 18. Bxe3 Qd7 19. Qa3 Ne4 20. Rd1 Qe7 21.
Re1 Qd7 22. Bd3 Nf6 23. d5 a5 24. Bc2 b5 25. Nd4 b4 26. Qd3 c6 27. Ba4 Qc8 28.
Nxc6 Bxc6 29. Bxc6 1-0

[Event "10th Arad Open 2017"]
[Site "Arad ROU"]
[Date "2017.08.12"]
[Round "8.18"]
[White "Bogdan , Dan"]
[Black "Gilea, Lucian"]
[Result "1-0"]
[WhiteElo "2373"]
[BlackElo "2261"]
[PlyCount "101"]
[EventDate "2017.??.??"]

1. c4 Nf6 2. Nf3 c6 3. b3 d5 4. Bb2 Bf5 5. d3 h6 6. Nbd2 e6 7. g3 Nbd7 8. Bg2
Be7 9. O-O O-O 10. Rc1 a5 11. a3 Bh7 12. Qc2 Re8 13. Rfd1 Qb6 14. Qb1 Bc5 15.
e3 dxc4 16. Nxc4 Qa7 17. Qa1 Bf8 18. Qb1 Qa6 19. e4 Qb5 20. Bc3 Qh5 21. h3 a4
22. b4 Qb5 23. Bf1 Qa6 24. Bd2 Rac8 25. Nce5 Red8 26. Be3 Nxe5 27. Nxe5 b5 28.
Rc3 Bd6 29. Nf3 Nd7 30. d4 e5 31. Qc2 Qb7 32. dxe5 Nxe5 33. Nxe5 Bxe5 34. Rxd8+
Rxd8 35. Rxc6 Re8 36. Bg2 h5 37. h4 Qd7 38. Rc5 Bg6 39. Qe2 Bf6 40. Qxb5 Qd1+
41. Kh2 Rd8 42. e5 Be7 43. Rd5 Rxd5 44. Qxd5 Qa1 45. Qa8+ Kh7 46. Qxa4 Qxe5 47.
b5 Qb2 48. b6 Bxa3 49. b7 Bd6 50. Bf4 Bxf4 51. Qxf4 1-0

[Event "10th Arad Open 2017"]
[Site "Arad ROU"]
[Date "2017.08.13"]
[Round "9.29"]
[White "Gilea, Lucian"]
[Black "Trifan Andrei Ioan (GER)"]
[Result "0-1"]
[WhiteElo "2261"]
[BlackElo "2142"]
[PlyCount "74"]
[EventDate "2017.??.??"]

1. d4 Nf6 2. g3 g6 3. Bg2 Bg7 4. e4 d6 5. Ne2 O-O 6. h3 e5 7. Nbc3 Re8 8. O-O
c6 9. Be3 Nbd7 10. f4 b5 11. dxe5 dxe5 12. f5 Nb6 13. Bg5 Qxd1 14. Nxd1 Nfd7
15. b3 Bf8 16. g4 a5 17. Nf2 a4 18. Bf3 b4 19. Ng3 Bc5 20. Bd2 Bd4 21. Rac1 c5
22. c3 bxc3 23. Bxc3 axb3 24. axb3 Ra3 25. Bd1 Ba6 26. Re1 c4 27. Ne2 Bxf2+ 28.
Kxf2 Nc5 29. Bc2 cxb3 30. Bb4 bxc2 31. Bxc5 Rb3 32. Rxc2 Rc8 33. Rec1 Bd3 34.
Rc3 Rxc3 35. Rxc3 Bxe2 36. Kxe2 Na4 37. f6 Nxc3+ 0-1

[Event "21st Cap Aurora Open"]
[Site "?"]
[Date "2017.06.29"]
[Round "?"]
[White "Gilea, Lucian"]
[Black "Rosen, Eric S"]
[Result "1/2-1/2"]
[WhiteElo "2261"]
[BlackElo "2372"]
[PlyCount "64"]
[EventDate "2017.??.??"]

1. d4 Nf6 2. c4 e6 3. Nc3 Bb4 4. g3 Nc6 5. Bg2 O-O 6. Nf3 Na5 7. c5 b6 8. Ne5
Rb8 9. cxb6 axb6 10. O-O Bb7 11. Bxb7 Rxb7 12. Bg5 Be7 13. Qa4 c5 14. Rfd1 d5
15. Rac1 h6 16. Bxf6 Bxf6 17. Nc6 Nxc6 18. Qxc6 Qa8 19. dxc5 Rc8 20. Qa4 Ra7
21. Qg4 bxc5 22. a3 Rb7 23. e4 d4 24. e5 Bxe5 25. Ne4 c4 26. f4 Bb8 27. f5 exf5
28. Nf6+ Kf8 29. Nh7+ Kg8 30. Nf6+ Kf8 31. Nh7+ Kg8 32. Nf6+ Kf8 1/2-1/2

[Event "Campionatul National pe Echipe - SUPERL"]
[Site "?"]
[Date "2017.11.13"]
[Round "?"]
[White "Luncasu, Raul-Ionut"]
[Black "Gilea, Lucian"]
[Result "0-1"]
[WhiteElo "2181"]
[BlackElo "2270"]
[PlyCount "208"]
[EventDate "2017.??.??"]

1. e4 d5 2. exd5 Qxd5 3. d4 Nc6 4. Nf3 e5 5. Be3 Bg4 6. Be2 exd4 7. c3 Bxf3 8.
Bxf3 Qb5 9. cxd4 O-O-O 10. Nc3 Qxb2 11. Rc1 Bb4 12. O-O Bxc3 13. Bxc6 bxc6 14.
Qg4+ Rd7 15. Rxc3 Nf6 16. Qxg7 Rg8 17. Qxf6 Qxc3 18. Rc1 Qa5 19. Qxc6 Qd5 20.
Qa6+ Qb7 21. Qf1 Rd6 22. g3 Qe4 23. Qc4 Rd7 24. Qa6+ Qb7 25. Qd3 Rg6 26. Qa3
Qb5 27. Qxa7 Ra6 28. Qc5 Qxc5 29. dxc5 Rxa2 30. Rc4 Ra6 31. Rh4 f6 32. Kg2 Rg7
33. Rd4 Rd7 34. Rf4 Kd8 35. Rh4 Rg7 36. Kf3 Kd7 37. Rd4+ Ke7 38. h4 Rg8 39. Rb4
Ke6 40. Re4+ Kf7 41. Rd4 Ke7 42. Rd5 Ke6 43. Rd4 f5 44. Rd3 Ra5 45. Rd2 Ra3 46.
Rd4 Rc3 47. Ra4 Ke5 48. Ke2 Kd5 49. Rd4+ Ke6 50. Ra4 Re8 51. Kd2 Rb3 52. Ra6+
Kd5 53. Rf6 Ke4 54. Rf7 c6 55. Rxh7 Re5 56. h5 Kf3 57. h6 Rd5+ 58. Kc2 Rdd3 59.
Bd2 Ra3 60. Rf7 Ke2 61. Re7+ Kxf2 62. h7 Rd8 63. Bc3 Raa8 64. Be5 Kf3 65. Kc3
Rd5 66. Bd6 Rd1 67. Rg7 Rh8 68. Rf7 Rh1 69. Rxf5+ Kg4 70. Rf7 R1xh7 71. Rxh7
Rxh7 72. Kd4 Kf5 73. Ke3 Ra7 74. Kd4 Ra4+ 75. Kd3 Re4 76. Kc3 Ke6 77. Kd3 Kd5
78. Bf8 Re6 79. Bd6 Re8 80. Kd2 Kd4 81. Kd1 Kd3 82. Bf4 Re2 83. Bd6 Re4 84. Bc7
Ke3 85. Bd6 Rd4+ 86. Ke1 Kf3 87. Bc7 Rd3 88. Bd6 Rd5 89. Bc7 Rxc5 90. Kd2 Ke4
91. Bf4 Rc4 92. Be3 Ra4 93. Bc5 Kd5 94. Bb6 c5 95. Bd8 Ra3 96. Bc7 Kd4 97. Ke2
Re3+ 98. Kf2 Ke4 99. g4 c4 100. g5 c3 101. Ba5 Rf3+ 102. Ke2 Rg3 103. Bd8 Rg2+
104. Kd1 Kd3 0-1